| 000 | 00558nam a2200169Ia 4500 | ||
|---|---|---|---|
| 003 | GCL | ||
| 008 | 140319s9999 xx 000 0 ara d | ||
| 040 |
_aGCL / _cGCL |
||
| 082 | 0 | 4 |
_a323.423 _bر ع |
| 100 | 1 | _aرياض نجيب الريس | |
| 245 | 1 | 0 |
_aالعرب وجيرانهم: الاقليات القومية فى الوطن العربى ط 2 / _cرياض نجيب الريس |
| 260 |
_a[S.N] : _bرياض الريس للكتب والنشر |
||
| 490 | _a | ||
| 650 | 0 | 4 | _aالعالم العربى |
| 650 | 0 | 4 | _aالاقليات |
| 942 |
_2ddc _cBK |
||
| 999 |
_c31797 _d31797 |
||